Statistics for Seal Team (TV Show) Characters

Click here to take the quiz!

General Stats

  • This quiz has been taken 33 times
  • The average score is 7 of 14

Answer Stats

Call Sign Actor % Correct
Jason Hayes
96%
Sonny Quinn
87%
Ray Perry
74%
Bravo 1David Boreanaz
65%
Trent
61%
Brock
61%
Bravo 3AJ Buckley
57%
Clay Spenser
57%
Cerberus
48%
Bravo 2Neil Brown Jr.
35%
DogDita
35%
Bravo 4Tyler Grey
26%
Bravo 5Justin Melnick
22%
Bravo 6Max Theriot
22%

Score Distribution

Percentile by Number Answered

Percent of People with Each Score

Your Score History

You have not taken this quiz